Cruzada guadalupana /

En este libro se han compilado varios artículos relacionados con la historia de la aparición de la Virgen de Guadalupe y con el culto que se le rinde en México.

Збережено в:
Бібліографічні деталі
Формат: Книга
Мова:Іспанська
Предмети:
Теги: Додати тег
Немає тегів, Будьте першим, хто поставить тег для цього запису!

MARC

LEADER 00000nam^a2200000^a^4500
001 000120158
005 20250521000000.0
009 20260310094341.155
037 |a Acervo ITESO - Biblioteca 
041 |a ESP 
082 |a 232. 917  |b CRU 
245 1 0 |a Cruzada guadalupana / 
264 |a El Paso, EUA :  |b Hertzog and Resler,  |c 1946 
300 |a 240 p. 
336 |a texto  |b txt  |2 rdacontenido 
337 |a sin mediación  |b n  |2 rdamedio 
338 |a volumen  |b nc  |2 rdasoporte 
520 |a En este libro se han compilado varios artículos relacionados con la historia de la aparición de la Virgen de Guadalupe y con el culto que se le rinde en México. 
649 |a XX 
650 |a Virgen de Guadalupe -  |x Apariciones y Milagros -  |x Historia 
650 |a Virgen María -  |z México -  |x Apariciones y Milagros -  |x Historia 
650 |a Virgen de Guadalupe -  |x Culto -  |x Historia 
650 |a Virgen María -  |z México -  |x Culto -  |x Historia 
650 |a Fiestas Religiosas -  |z México 
650 |a Iglesia Católica en México -  |x Historia 
650 |a Catolicismo 
650 |a Cristianismo 
650 |a Religión 
910 |a Fondo Salvador Reynoso Reynoso 
920 |a Impresos - Libros 
930 |a Fondos Especiales 
905 |a 112 
901 |a 0800005602  |b IT2  |c ESP  |u 20250521 
902 |a https://opac.biblio.iteso.mx/vufind/Record/000120158